Faune de Wallonie - Statistiques

Statistiques générales
  • Ce quiz a été pris 75 fois
    46 depuis la dernière actualisation
  • Le résultat moyen est 63 sur 94
Statistiques - réponses
Par images Réponse % Correct
lièvre d'Europe
100%
canard colvert
98%
hérisson
98%
pic vert
98%
rat
98%
castor européen
95%
écureuil roux
95%
hibou moyen-duc
95%
blaireau européen
93%
cerf élaphe
93%
chat forestier
93%
corbeau
93%
lapin
93%
pigeon ramier
93%
sanglier
93%
souris
93%
cygne
90%
fouine
90%
merle noir
90%
raton laveur
90%
renard roux
90%
rouge-gorge
90%
Cigogne blanche
88%
lynx boreal
88%
pie
88%
buse variable
85%
daim
85%
loutre d'europe
85%
martin-pêcheur
85%
salamandre
85%
taupe
85%
Hirondelle
83%
moineau domestique
83%
corneille
80%
couleuvre à collier
80%
musaraigne
80%
crapaud
78%
héron cendré
78%
mésange charbonnière
78%
pic épeiche
78%
chouette effraie
75%
orvet
75%
chevreuil
73%
hermine
73%
tourterelle turque
73%
triton
73%
vipère péliade
73%
bernache
70%
cormoran
70%
mésange bleue
70%
Geai des chênes
68%
pinson des arbres
68%
pipistrelle commune
68%
choucas
65%
grive musicienne
65%
putois
65%
chouette hulotte
63%
épervier
63%
faucon pélerin
63%
grenouille verte
63%
martre des pins
63%
milan noir
63%
milan royal
63%
étourneau
60%
foulque
60%
martinet noir
60%
mulot
60%
belette
58%
chardonneret élégant
58%
faucon crécerelle
58%
rat musqué
58%
troglodyte
58%
grenouille rousse
55%
bécassine des marais
53%
grèbe huppé
50%
grimpereau des jardins
48%
sittelle torchepot
48%
coucou gris
45%
loir gris
45%
autour des palombes
43%
campagnol
43%
alouette des champs
40%
lézard des murailles
40%
oreillard
40%
grand murin
28%
lérot
28%
rhinolophe
25%
lézard des souches
23%
râle d'eau
15%
alyte accoucheur
13%
noctulle commune
10%
bruant jaune
5%
sérotine communue
5%
coronelle lisse
3%
Aucun quiz correspondant
Distribution des résultats
% des personnes avec chaque résultat
Percentile par nombre de réponses
Votre historique - résultats
Vous n’avez pas pris ce quiz depuis la dernière actualisation